Sri Kanaka Durga: The Universal Mother (Record no. 47308)

MARC details
000 -LEADER
fixed length control field 00691nam a22001697a 4500
005 - DATE AND TIME OF LATEST TRANSACTION
control field 20260219130433.0
008 - FIXED-LENGTH DATA ELEMENTS--GENERAL INFORMATION
fixed length control field 260219b |||||||| |||| 00| 0 eng d
020 ## - INTERNATIONAL STANDARD BOOK NUMBER
International Standard Book Number 9788193418772
040 ## - CATALOGING SOURCE
Transcribing agency VITAP
082 ## - DEWEY DECIMAL CLASSIFICATION NUMBER
Edition number 23
Classification number 294.521 PAD
100 ## - MAIN ENTRY--PERSONAL NAME
Personal name Padmanabhan, Mukund Ed.
9 (RLIN) 17158
245 ## - TITLE STATEMENT
Title Sri Kanaka Durga: The Universal Mother
Remainder of title : Sri Durga Malleswara Swamy Varla Devasthanam
Statement of responsibility, etc. / Mukund Padmanabhan Ed.
260 ## - PUBLICATION, DISTRIBUTION, ETC.
Place of publication, distribution, etc. Chennai
Name of publisher, distributor, etc. Kasturi & Sons Ltd.
Date of publication, distribution, etc. 2017
300 ## - PHYSICAL DESCRIPTION
Extent 82p, ill.: 30cm
650 #0 - SUBJECT ADDED ENTRY--TOPICAL TERM
Topical term or geographic name entry element Mythological Background, History of the Temple, Temple Architecture, Rituals and Worship, Festivals and Celebrations, Spiritual Significance, Cultural Impact etc.
9 (RLIN) 17159
942 ## - ADDED ENTRY ELEMENTS (KOHA)
Source of classification or shelving scheme Dewey Decimal Classification
Koha item type Reference Book
Holdings
Withdrawn status Lost status Source of classification or shelving scheme Materials specified (bound volume or other part) Damaged status Not for loan Collection code Home library Current library Shelving location Date acquired Source of acquisition Cost, normal purchase price Inventory number Total Checkouts Full call number Barcode Date last seen Cost, replacement price Price effective from Koha item type Public note
    Dewey Decimal Classification Paper Back   Not For Loan Reference School of Business & General Section VIT-AP Reference 2026-01-12 The Hindu Group of Publications 150.00 9001173329   294.521 PAD 025517 2026-02-19 150.00 2026-01-12 Reference Book GEN

Visitor Number: